Kabale University Library Catalogue

Normal view MARC view
  • United States

Entry Geographic Name

Number of records used in: 1

001 - CONTROL NUMBER

  • control field: 15716

003 - CONTROL NUMBER IDENTIFIER

  • control field: OSt

005 - DATE AND TIME OF LATEST TRANSACTION

  • control field: 20260311193025.0

008 - FIXED-LENGTH DATA ELEMENTS

  • fixed length control field: 260311|| aca||aabn | a|a d

040 ## - CATALOGING SOURCE

  • Original cataloging agency: OSt
  • Transcribing agency: OSt

151 ## - HEADING--GEOGRAPHIC NAME

  • Geographic name: United States
  • General subdivision: Foreign relations
  • Geographic subdivision: Middle East

670 ## - SOURCE DATA FOUND

  • Source citation: Work cat.: (OSt)6181: Telhami, Shibley. 15712, The stakes :, c2002.

Kabale University Library | Kabale University P.O Box 317, Kabale, Uganda
Tel : +256754017033, +256774661503 E-mail : library@kab.ac.ug